História a vývoj formy a obsahu informačnej grafiky

História infografiky ako spôsobu grafickej-vizuálnej reprezentácie informácií. Moderná vizualizácia dát. Grafy a diagramy – William Playfair, rok 1801. Moderný informačný dizajn.

Salvato in:
Dettagli Bibliografici
Autore principale: Paukovic, Ján
Natura: Capitolo di libro
Lingua:slovacco
Soggetti:
Tags: Aggiungi Tag
Nessun Tag, puoi essere il primo ad aggiungerne!!

MARC

LEADER 00000naa a2200000 4500
001 0245566
005 20180619113328.7
041 0 |a slo 
044 |a SK 
245 1 0 |a História a vývoj formy a obsahu informačnej grafiky  |c Ján Paukovic 
520 |a História infografiky ako spôsobu grafickej-vizuálnej reprezentácie informácií. Moderná vizualizácia dát. Grafy a diagramy – William Playfair, rok 1801. Moderný informačný dizajn. 
610 2 0 |a technológie informačné 
610 2 0 |a technológie komunikačné 
610 2 0 |a grafika počítačová 
610 2 0 |a médiá 
610 2 0 |a žurnalistika 
610 2 0 |a história 
610 2 0 |a dizajn 
610 2 0 |a dizajnéri 
100 1 |a Paukovic, Ján